Geography Quiz

Random Geography or City Quiz

Commonest Words (London Tube Map) Quiz Stats

Quiz Updated Sep 23, 2014

Challenge
Share
Tweet
Embed
Score 0/50 Timer 10:00
1 Play Today
# of occurences word % Correct
13Street
87.3%
24Road
82.8%
7North
79.8%
15West
79.7%
12South
79.7%
9East
79.6%
31Park
78.2%
4Square
63.5%
11Green
62%
9Lane(s)
60.5%
6Cross
60.1%
4Bridge
59.3%
13Hill(s)
55.7%
6&
53%
7Central
49.6%
6Town
49%
8High
47.5%
3Court
46.1%
3Gate
45.7%
4Saint(s)
44.5%
4Garden(s)
44.2%
4Kensington
38.7%
3Heathrow
37.3%
4Wood
35.7%
4Ealing
31.9%
# of occurences word % Correct
6Acton
31.5%
3House
31.4%
5Clapham
31.2%
5Junction
30.4%
3Broadway
29.8%
3Terminal(s)
27.2%
3for
27.1%
3Wimbledon
26.1%
5Royal
24.1%
5Harrow
22.9%
3Wembley
22.9%
5Ruislip
22.3%
5Finchley
22.2%
3Hounslow
20.1%
4Oak
19.7%
3Tottenham
19.6%
3Manor
18.7%
4Quay(s)
18%
4Hampstead
17%
3Edgware
16.8%
3Bow
16.7%
4Greenwich
14.1%
3Watford
13.4%
3Stratford
12.5%
3Kilburn
9.6%

You're not logged in!

Compare scores with friends on all Sporcle quizzes.
Sign Up with Email
OR
Log In

You Might Also Like...

Show Comments

Extras

Top Quizzes Today


Score Distribution

Your Account Isn't Verified!

In order to create a playlist on Sporcle, you need to verify the email address you used during registration. Go to your Sporcle Settings to finish the process.